Arte minimalista

Gardado en:
Detalles Bibliográficos
Autor Principal: Meyer, James (autor)
Formato: Libro
Idioma:Lingua castelá
Publicado: Londres Phaidon 2005
Edición:1a. ed
Subjects:
Tags: Engadir etiqueta
Sen Etiquetas, Sexa o primeiro en etiquetar este rexistro!

MARC

LEADER 00000cam a2200000 a 4500
001 UCG0949
003 CL-VaPUC
005 20240731152218.0
008 100415e20050000UK |||||||||||||||||spa|d
020 |a 071489835X 
040 |c Pontificia Universidad Católica de Valparaíso 
082 0 4 |a 709.05  |b MEY  |2 21 
100 |a Meyer, James  |e autor  |9 548636 
245 1 0 |a Arte minimalista 
250 |a 1a. ed 
260 |a Londres  |b Phaidon  |c 2005 
300 |a 200 p 
583 |a last modification  |c 20131230 06:41:04  |k Rodrigo Vera 
650 0 |a Arte minimalista  |9 548637 
650 0 |a Arte contemporáneo  |9 338008 
650 0 |a Arte vanguardista   |9 548638 
942 |c BK  |2 ddc 
945 |d 20100415 00:00:00  |a rbrito 
999 |c 340430  |d 340428 
952 |0 0  |1 0  |4 0  |6 709_050000000000000_MEY_2005  |7 0  |8 F  |9 435195  |a BIBART  |b BIBART  |d 2019-11-22  |i 4661206  |o 709.05 MEY 2005  |p 4661206  |r 2025-03-13  |w 2019-11-22  |y BK_F  |k ART 
952 |0 0  |1 0  |4 0  |6 709_050000000000000_MEY_2005  |7 0  |8 F  |9 435196  |a BIBART  |b BIBART  |d 2019-11-22  |i 4815025  |o 709.05 MEY 2005  |p 4815025  |r 2025-03-13  |w 2019-11-22  |y BK_F  |k ART 
952 |0 0  |1 0  |2 ddc  |4 0  |6 709_050000000000000_MEY_2005  |7 0  |8 R  |9 494967  |a BIBART  |b BIBART  |d 2019-12-11  |e 14  |g 16280.00  |i 5567661  |l 3  |o 709.05 MEY 2005  |p 5567661  |r 2025-03-13  |s 2022-03-09  |t 3  |v 16280.00  |w 2019-12-11  |y BK_R